Producción de tejido de sombreros, trabajo y patrimonio cultural colectivo : Cañar, Azuay y Morona Santiago /

Bibliographic Details
Main Author: Regalado, Juan Fernando (Author)
Format: Electronic eBook
Language:Spanish
Published: Cuenca, Ecuador : [Quito, Ecuador] : Universidad del Azuay, Casa Editora ; Instituto Nacional de Patrimonio Cultural, [2021]
Edition:Primera edición.
Subjects:
Online Access:Digitalia Hispánica

MARC

LEADER 00000nam a2200000Ii 4500
001 DIGUAZUAY0116
003 NyNyDIG
006 m o d
007 cr |||||||||||
008 251104s2021 ec ob 000 0 spa d
035 |a (OCoLC)1548424648 
040 |a DGITA  |b eng  |e rda  |e pn  |c DGITA 
020 |a 9789942822918  |q eBook 
020 |z 9789942755209 
043 |a s-ec--- 
050 1 4 |a HD9948 ebook 
100 1 |a Regalado, Juan Fernando,  |e author. 
245 1 0 |a Producción de tejido de sombreros, trabajo y patrimonio cultural colectivo :  |b Cañar, Azuay y Morona Santiago /  |c Juan F. Regalado. 
250 |a Primera edición. 
264 1 |a Cuenca, Ecuador :  |b Universidad del Azuay, Casa Editora ;  |a [Quito, Ecuador] :  |b Instituto Nacional de Patrimonio Cultural,  |c [2021] 
300 |a 1 online resource. 
336 |a text  |b txt  |2 rdacontent 
337 |a computer  |b c  |2 rdamedia 
338 |a online resource  |b cr  |2 rdacarrier 
347 |a text file  |2 rdaft 
347 |b PDF 
504 |a Includes bibliographical references. 
588 0 |a Online resource; title from PDF title page (Digitalia, viewed November 4, 2025) 
650 0 |a Manufactures  |z Ecuador. 
650 0 |a Cultural heritage  |z Ecuador. 
650 0 |a Millinery  |z Ecuador. 
791 2 |a Digitalia (Firm),  |e distributor. 
793 0 |g Digitalia eBook Collection:  |a Universidad del Azuay 
776 0 8 |i Print version:  |a Regalado, Juan Fernando.  |t Producción de tejido de sombreros, trabajo y patrimonio cultural colectivo.  |b Primera edición.  |d Cuenca, Ecuador : Universidad del Azuay, Casa Editora ; [Quito, Ecuador] : Instituto Nacional de Patrimonio Cultural, [2021]  |z 9789942755209 
856 4 0 |3 Digitalia Hispánica  |u https://www.digitaliapublishing.com/a/133500/ 
910 |a Premium collection: 2025